000 00897cam a2200301 i 4500
001 804437
003 ARRUPE
005 20151020154303.0
008 750305s1974 enkacf b 001 0ceng
010 _a 75315095
015 _aGB74-18914
020 _a0860077012 :
_c£0.80
040 _aDLC
_cDLC
_dDLC
043 _ae-uk-en
050 0 0 _aPR471.
_b.B4 1974
082 0 0 _a700/.92/242142
_221
100 1 _aBell, Quentin.
_920393
245 1 0 _aBloomsbury /
_cQuentin Bell.
260 _aLondon :
_bFutura Publications Ltd.,
_c1974.
300 _a94 p.;
_bill., ports. ;
_c20 cm.
490 0 _aAn Omega book
500 _aIncludes index.
504 _aBibliography: p. 89.
650 0 _aEnglish literature
_xHistory and criticism.
_y20th century
_920394
651 0 _aLondon
_xIntellectual life
_920311
906 _a7
_bcbc
_corignew
_d3
_encip
_f19
_gy-gencatlg
942 _2lcc
_cMONOGRAPH
999 _c123565
_d123565